Birmingham Midshires Building Society v Wretham and others (Record no. 58128)

MARC details
000 -LEADER
fixed length control field 01625cab a2200277 4500
001 - CONTROL NUMBER
control field ABS60228
008 - FIXED-LENGTH DATA ELEMENTS--GENERAL INFORMATION
fixed length control field 090401t1999 xxu||||| |||| 00| 0 eng d
035 ## - SYSTEM CONTROL NUMBER
System control number (Sirsi) u91554
041 ## - LANGUAGE CODE
Language code of text/sound track or separate title eng
245 ## - TITLE STATEMENT
Title Birmingham Midshires Building Society v Wretham and others
260 ## - PUBLICATION, DISTRIBUTION, ETC.
Date of publication, distribution, etc. 1999
350 ## - PRICE (NR) (BK AM CF MU VM SE) [OBSOLETE]
Price 0
490 ## - SERIES STATEMENT
Series statement Estates Gazette
Volume/sequential designation [1999] 07 EG, 138-143(6)
520 ## - SUMMARY, ETC.
Summary, etc. Technology and Construction Court, 30 November 1998. In 1990 the third defendant solicitors acted for W and B in the purchase and mortgage of a house. W defaulted and B sold the house at a loss. B claimed against the solicitors for negligence and breach of trust because B had not been informed that W had bought the house in equal part with another, and now intended to buy out the co-owner. B relied on Limitation Act 1980 s14A for their case,as they did not have knowledge of the facts until Sept. 1995. The solicitors had failed to inform B of a demolition order on the house, however, B had knowledge in April 1991 of facts giving rise to an action in tort, therefore could not rely on s14A. "Held", B succeeded in their claim for negligence, but failed in the claim for tort. Knowledge of the demolition notice was disregarded for the purposes of s14A, but the claim by B for breach of trust was accepted.
650 ## - SUBJECT ADDED ENTRY--TOPICAL TERM
Topical term or geographic name entry element BREACH OF TRUST
650 ## - SUBJECT ADDED ENTRY--TOPICAL TERM
Topical term or geographic name entry element CONVEYANCING
650 ## - SUBJECT ADDED ENTRY--TOPICAL TERM
Topical term or geographic name entry element FIDUCIARY DUTY
650 ## - SUBJECT ADDED ENTRY--TOPICAL TERM
Topical term or geographic name entry element LIMITATION ACT 1980
650 ## - SUBJECT ADDED ENTRY--TOPICAL TERM
Topical term or geographic name entry element LIMITATION
650 ## - SUBJECT ADDED ENTRY--TOPICAL TERM
Topical term or geographic name entry element NEGLIGENCE
650 ## - SUBJECT ADDED ENTRY--TOPICAL TERM
Topical term or geographic name entry element SOLICITORS
650 ## - SUBJECT ADDED ENTRY--TOPICAL TERM
Topical term or geographic name entry element TORT
690 ## - LOCAL SUBJECT ADDED ENTRY--TOPICAL TERM (OCLC, RLIN)
Topical term or geographic name as entry element MANAGEMENT-BUSINESS MANAGEMENT-PROFESSIONAL PRACTICE
942 ## - ADDED ENTRY ELEMENTS (KOHA)
Suppress in OPAC 0
948 ## - LOCAL PROCESSING INFORMATION (OCLC); SERIES PART DESIGNATOR (RLIN)
c (OCLC) 24/02/1999
Holdings
Withdrawn status Lost status Source of classification or shelving scheme Damaged status Not for loan Home library Current library Shelving location Date acquired Total Checkouts Full call number Barcode Date last seen Copy number Price effective from Koha item type
    Dewey Decimal Classification     London London Journal article 14/09/1999   ABS60228 91554-1001 06/08/2019 1 06/08/2019 Law report